[Event "Sachsen-ch U14"]
[Site "Sebnitz"]
[Date "2011.04.29"]
[Round "6"]
[White "Hollas, Leon"]
[Black "Thamm, Merlin Jannes"]
[Result "0-1"]
[WhiteElo "1590"]
[BlackElo "1695"]
[PlyCount "86"]
[EventDate "2011.04.26"]
[EventType "swiss"]
[EventRounds "7"]
[EventCountry "GER"]
[SourceTitle "EXT 2012"]
[Source "ChessBase"]
[SourceDate "2011.11.24"]
[SourceVersion "1"]
[SourceVersionDate "2011.11.24"]
[SourceQuality "1"]

1. e4 c6 2. d4 d5 3. exd5 cxd5 4. Bf4 Nf6 5. Nf3 Bg4 6. Nbd2 Nc6 7. Bb5 e6 8. c3 Be7 9. Qc2 0-0 10. 0-0 Rc8 11. h3 Bf5 12. Bd3 Nb4 13. Qd1 Nxd3 14. Be3 Nxb2 15. Qb3 Nc4 16. Nxc4 Rxc4 17. Qxb7 Rxc3 18. Qxa7 Qc7 19. Qa4 Bc2 20. Qb5 Bd3 21. Qa4 Bxf1 22. Rxf1 Ra3 23. Qb5 Rxa2 24. Rc1 Rc2 25. Rb1 Ne4 26. Qb3 Bf6 27. Qa3 Rb8 28. Ra1 Rcb2 29. Qd3 Qc2 30. Qa6 Rb1+ 31. Rxb1 Rxb1+ 32. Kh2 Qc7+ 33. g3 Rb2 34. Qa8+ Qb8 35. Qxb8+ Rxb8 36. h4 Rb4 37. Kg2 Nd6 38. Kf1 Nf5 39. Ke2 Nxd4+ 40. Nxd4 Bxd4 41. Bxd4 Rxd4 42. f3 e5 43. Ke3 Ra4 0-1

[Event "Sachsen-ch U14"]
[Site "Sebnitz"]
[Date "2011.04.28"]
[Round "4"]
[White "Hollas, Leon"]
[Black "Merkel, Toni"]
[Result "1-0"]
[WhiteElo "1590"]
[BlackElo "1581"]
[PlyCount "55"]
[EventDate "2011.04.26"]
[EventType "swiss"]
[EventRounds "7"]
[EventCountry "GER"]
[SourceTitle "EXT 2012"]
[Source "ChessBase"]
[SourceDate "2011.11.24"]
[SourceVersion "1"]
[SourceVersionDate "2011.11.24"]
[SourceQuality "1"]

1. e4 c5 2. c3 Nf6 3. e5 Nd5 4. Nf3 Nc6 5. d4 cxd4 6. cxd4 e6 7. Bc4 d6 8. Bxd5 exd5 9. h3 Bf5 10. Bf4 Qa5+ 11. Qd2 Qxd2+ 12. Nbxd2 dxe5 13. Bxe5 f6 14. Bf4 Bd3 15. Nb3 b6 16. Kd2 Be4 17. Ke2 Be7 18. Nbd2 Bg6 19. a3 0-0 20. g4 Rfe8 21. Kf1 Rac8 22. h4 h6 23. Rg1 Bd3+ 24. Kg2 g5 25. hxg5 fxg5 26. Be5 Nxe5 27. Nxe5 Bf6 28. Nxd3 1-0